000 00267nam a2200121 i 4500
001 bg
245 0 _aOndes et radiations grawitationnelles.
260 _aParis,
_c1974.
040 _cBPK
041 _apol
942 _cKS
008 s pl f |000 0 pol
999 _c27287
_d27287
856 _uhttp://koha.tu.koszalin.pl/cgi-bin/koha/opac-detail.pl?biblionumber=27287
_yKatalog online BPK